000 00648nam a22001817a 4500
005 20251108165344.0
008 250721s1997 xx 000 0 ara d
082 1 4 _a962/إبر
100 1 _aالعوفي، إبراهيم بن أبي بكر الصوالحي
245 1 0 _aيوميات إبراهيم بن أبي بكر الصوالحي العوفي /
264 1 _aالقاهرة :
_bدار الكتاب الجامعي،
_c1997.
300 _a345ص
650 1 7 _aتاريخ مصر
650 1 7 _aالعثمانيون
700 1 _aعبد الرحيم، عبدالرحيم عبد الرحمن
_eتحقيق
942 _2ddc
_cBK
999 _c25902
_d25902